| 000 | 00753nam a2200229 i 4500 | ||
|---|---|---|---|
| 001 | 61231 | ||
| 003 | ES-MaACL | ||
| 005 | 20230906164415.0 | ||
| 007 | t| | ||
| 008 | 031111s1983 sp ||||1| spa d | ||
| 100 | 1 |
_aEysenck, Hans Jurgen. _948453 |
|
| 245 | 1 | 3 |
_aLa confrontación sobre la inteligencia _b: ¿herencia-ambiente? / _cH.J. Eysenck, Leon Kamin ; [traducción de Pilar Sánchez López]. |
| 260 |
_aMadrid : _bPirámide, _c[1983] |
||
| 300 |
_a263 p. ; _c21 cm. |
||
| 490 | 1 | _aPsicología | |
| 650 |
_aTests de inteligencia. _917519 |
||
| 700 | 1 |
_aKamin, L. J. ( _d1924-) _967475 |
|
| 700 | 1 |
_aSánchez López, María del Pilar. _9102733 |
|
| 830 | 0 |
_aPsicología _9178186 |
|
| 852 |
_aES-MaACL _jL-5153 _bR.105406 |
||
| 999 |
_c61231 _d61231 |
||